00000000nam##2200000za#4500
0019.569860
003CaOODSP
00520210624181952
007cr |||||||||||
008150406|2008||||xxc|||||o    f|0| 0 eng|d
040 |aCaOODSP|beng
043 |an-cn---
0861 |aNH18-1-2/45-2008E-PDF
1102 |aCanada Mortgage and Housing Corporation.
24510|aEdge effects within municipal forests : |h[electronic resource]|bare municipal policies effective in limiting residential encroachment into the edges of suburban wooded parklands? / |c[by] W.J. McWilliam, P.F.J. Eagles and M.L. Seasons.
260 |aOttawa - Ontario : |bCanada Mortgage and Housing Corporation |cAugust 2008.
300 |a46p.|bfigs., graph, references, tables
4901 |aResearch report
500 |a"Final report, CMHC External Research Grant".
546 |a(Résumé en français.)
590 |a11-25-Supp|b2011-10-31
7201 |aMcWilliam, W. J.
7201 |aEagles, P. F. J.
7201 |aSeasons, M. L.
830#0|aResearch report (Canada Mortgage and Housing Corporation : Online)|w(CaOODSP)9.506068
85640|ahttp://publications.gc.ca|qPDF|s355 KB|uhttps://publications.gc.ca/collections/collection_2011/schl-cmhc/nh18-1-2/NH18-1-2-45-2008-eng.pdf